Moses, the servant of Yahweh. (Record no. 3725)

000 -LEADER
fixed length control field 00589nam a2200193 a 4500
001 - CONTROL NUMBER
control field :::00001457$&:&@@
003 - CONTROL NUMBER IDENTIFIER
control field OkBaRHE
005 - DATE AND TIME OF LATEST TRANSACTION
control field 20000607103243.0
008 - FIXED-LENGTH DATA ELEMENTS--GENERAL INFORMATION
fixed length control field s1972 j 000 0 eng u
020 ## - INTERNATIONAL STANDARD BOOK NUMBER
International Standard Book Number 080283406X
040 ## - CATALOGING SOURCE
Transcribing agency
100 1# - MAIN ENTRY--PERSONAL NAME
Personal name Beegle, Dewey M.
245 10 - TITLE STATEMENT
Title Moses, the servant of Yahweh.
260 ## - PUBLICATION, DISTRIBUTION, ETC. (IMPRINT)
Place of publication, distribution, etc Grand Rapids, MI., :
Name of publisher, distributor, etc Eerdmans
Date of publication, distribution, etc 1972
300 ## - PHYSICAL DESCRIPTION
Extent 368 p. : illus. (on lining paper) ;
Dimensions 23 cm.
650 ## - SUBJECT ADDED ENTRY--TOPICAL TERM
Topical term or geographic name as entry element Moses, the Patriarch
942 ## - ADDED ENTRY ELEMENTS (KOHA)
Source of classification or shelving scheme
Koha item type Books
Copies
Permanent Location Barcode Withdrawn status Date acquired Koha item type Full call number Date last seen Shelving location Source of classification or shelving scheme Price effective from Copy number Lost status Not for loan Damaged status
RHEMA Bible Training College1457 2010-04-14BooksBS 580 .M6B442010-04-14General Stacks 2010-04-141